000 00386nam a2200169Ia 4500
005 20250423094855.0
008 250422s9999 xx 000 0 und d
020 _a9780200681
050 _aKP 77 .O4/
100 _aOluyede, P.A.O.
245 0 _aConstitutional Law in Nigeria
260 _aIbadan
260 _bEvans Brothers
260 _c2001
300 _a670 p
942 _cBK
999 _c28554
_d28554